| 000 | 00470nam a22001817a 4500 | ||
|---|---|---|---|
| 003 | NUST - PNEC | ||
| 005 | 20170116180851.0 | ||
| 008 | 150819b xxu||||| |||| 00| 0 eng d | ||
| 020 | _a- | ||
| 040 | _cLIBRARY | ||
| 082 | _a612 NOU | ||
| 100 |
_95710 _aNourse, Alan E. |
||
| 245 |
_aThe body (Life Science Library) _cAlan E. Nourse |
||
| 250 | _a2nd ed. | ||
| 260 |
_aHong-Kong: _bTime Life Books _cc1980. |
||
| 650 |
_95327 _aMind & Body _xGeneral |
||
| 942 |
_2ddc _cBK |
||
| 999 |
_c64629 _d64629 |
||